| 000 | 01061cam a22003497a 4500 | ||
|---|---|---|---|
| 003 | CHAP | ||
| 005 | 20220817042539.0 | ||
| 008 | 971013s1961 r 00010 d | ||
| 010 | _a47771 | ||
| 011 | _a48743 | ||
| 035 | _a52889 | ||
| 040 | _cCHAP | ||
| 082 |
_a338.17361 _bF36 |
||
| 110 | _aFAO | ||
| 245 | 0 | _aTendencias y perspectivas del consumo mundial de azúcar | |
| 260 |
_aRoma : _bFAO, _c1961 |
||
| 300 | _a95 p. | ||
| 490 | 0 |
_aFAO. Serie sobre productos _v; 32 |
|
| 590 |
_aBATCH-UPD _b10 _c20130110 _lUCH01 _h1332 |
||
| 590 |
_aBATCH-UPD _b10 _c20130410 _lUCH01 _h0836 |
||
| 590 |
_aBATCH-UPD _b10 _c20130914 _lUCH01 _h0510 |
||
| 590 |
_aCONVERSION _b10 _c20130109 _lUCH01 _h1326 |
||
| 650 | 1 | 4 |
_aAzúcar _xAspectos económicos. _99135 |
| 650 | 1 | 4 |
_aAzúcar _xConsumo. _99147 |
| 650 | 1 | 4 |
_aPolítica azucarera. _990443 |
| 700 | 0 |
_aPignalosa, F. _988058 |
|
| 700 | 0 |
_aViston, A. _9120001 |
|
| 830 | 0 |
_aFAO. Serie sobre productos _v; 32 _939695 |
|
| 901 | _aBK | ||
| 942 | _cLIBRO | ||
| 949 |
_a338.17361 F36 _bBC _cFAO _d-117528 _eFAO1 _h37772 _i52889 _si |
||
| 999 |
_c47771 _d47771 |
||